Percy Bysshe Shelley Bibliography - Statistics

General Stats
  • This quiz has been taken 8 times
  • The average score is 13 of 83
Answer Stats
Type Year Name % Correct
Poem 1818 Ozymandias
83%
Poem 1819 Ode to the West Wind
67%
Play 1820 Prometheus Unbound
50%
Poem 1820 To a Skylark
50%
Essay 1821 A Defence of Poetry
33%
Poem 1821 Adonaïs
33%
Poem 1819 England in 1819
33%
Poem 1816 Mont Blanc: Lines Written in the Vale of Chamouni
33%
Poem 1819 The Masque of Anarchy
33%
Essay 1811 The Necessity of Atheism
33%
Poem 1815 Alastor, or The Spirit of Solitude
17%
Essay 1812 A Letter to Lord Ellenborough
17%
Essay 1819-1820 A Philosophical View of Reform
17%
Essay 1814 A Refutation of Deism: In a Dialogue
17%
Essay 1813 A Vindication of Natural Diet
17%
Essay 1812 Declaration of Rights
17%
Poem 1821 Epipsychidion
17%
Poem 1810 Fragment
17%
Poem 1810 Fragment
17%
Poem 1810 Fragment, Or The Triumph of Conscience
17%
Play 1822 Hellas
17%
Collaborative Travel Book 1817 History of a Six Weeks' Tour
17%
Poem 1810 Hope
17%
Poem 1817 Hymn to Intellectual Beauty
17%
Poem 1819 Julian and Maddalo: A Conversation
17%
Poem 1818 Lines Written Among the Euganean Hills
17%
Collaborative Play 1820 Midas
17%
Poem 1816 Mutability
17%
Play 1820 Oedipus Tyrannus; Or, Swellfoot The Tyrant: A Tragedy in Two Acts
17%
Essay 1815 On a Future State
17%
Essay 1817 On Christianity
17%
Essay 1817 On Frankenstein
17%
Essay 1819 On Life
17%
Essay 1818 On Love
17%
Essay 1818 On the Literature, the Arts and the Manners of the Athenians
17%
Essay 1880 On the Punishment of Death
17%
Essay 1814-1815 On the Vegetable System of Diet
17%
Poetry Collection 1810 Original Poetry by Victor and Cazire
17%
Poem 1820 Peter Bell the Third
17%
Essay 1811 Poetical Essay on the Existing State of Things
17%
Poem 1810 Posthumous Fragments
17%
Poetry Collection 1810 Posthumous Fragments of Margaret Nicholson
17%
Collaborative Play 1820 Proserpine
17%
Poem 1813 Queen Mab; A Philosophical Poem; With Notes
17%
Poetry Collection 1818 Rosalind and Helen, A Modern Eclogue; With Other Poems
17%
Poem 1810 Sorrow
17%
Essay 1814 Speculations on Metaphysics
17%
Essay 1817 Speculations on Morals
17%
Novel 1810 St. Irvyne; or, The Rosicrucian: A Romance
17%
Short Work 1814 The Assassins, A Fragment of a Romance
17%
Play 1819 The Cenci, A Tragedy, in Five Acts
17%
Poem 1820 The Cloud
17%
Short Work 1817 The Coliseum, A Fragment
17%
Poem 1812 The Devil's Walk: A Ballad
17%
Poem 1817 The Revolt of Islam
17%
Poem 1820 The Sensitive Plant
17%
Poem 1820 The Witch of Atlas
17%
Short Work 1819 Una Favola
17%
Chapbook 1822 Wolfstein; or, The Mysterious Bandit
17%
Chapbook 1830 Wolfstein, The Murderer; or, The Secrets of a Robber's Cave
17%
Novel 1810 Zastrozzi: A Romance
17%
Poem 1810 Advertisement
0%
Poem 1810 Ah! Sweet is the Moonbeam That Sleeps On Yon Fountain
0%
Poem 1810 Cold, Cold is the Blast When December is Howling
0%
Poem 1810 Come --! Sweet is the Hour
0%
Poem 1810 Despair
0%
Poem 1810 Despair
0%
Poem 1810 Fierce Roars the Midnight Storm
0%
Poem 1810 Ghasta Or, The Avenging Demon!!!
0%
Poem 1810 Here I Sit with My Paper, My Pen and My Ink
0%
Poem 1810 Melody to a Scene of Former Times
0%
Poem 1816 On Death
0%
Essay ???? On Friendship
0%
Poem 1810 Revenge
0%
Poem 1810 Saint Edmond's Eve
0%
Poem 1810 Stern, Stern is the Voice of Fate's Fearful Command
0%
Short Work 1818 The Elysian Fields: A Lucianic Fragment
0%
Poem 1810 The Irishman's Song
0%
Poem 1810 The Spectral Horseman
0%
Poem 1822 The Triumph of Life
0%
Poem 1810 To Miss - From Miss -
0%
Poem 1810 Translated From the German
0%
Poem 1810 Translated From the Italian
0%
No matching quizzes found
Score Distribution
Percent of People with Each Score
Percentile by Number Answered
Your Score History
You have not taken this quiz